Fattori di 200 - Statistics

Statistiche generali
  • Questo quiz è stato fatto 120 volte
  • Il punteggio medio è 12 su 12
Statistiche sulle risposte
Risposta % Corretto
2
100%
1
99%
4
99%
10
98%
20
98%
5
98%
8
97%
50
96%
40
94%
200
93%
100
92%
25
89%
Nessun quiz corrispondente trovato
Distribuzione punteggi
Percentuale di utenti per punteggio
Percentile per numero di risposta
I tuoi punteggi nel tempo
Non hai fatto questo quiz